Estructura Forestal y reservorios de carbono arbóreo en Manglares de Marismas Nacionales/ (Record no. 220864)
[ view plain ]
| 000 -CABECERA | |
|---|---|
| campo de control de longitud fija | 02566nam a2200337 a 4500 |
| 003 - IDENTIFICADOR DEL NÚMERO DE CONTROL | |
| campo de control | OSt |
| 005 - FECHA Y HORA DE LA ÚLTIMA TRANSACCIÓN | |
| campo de control | 20250925090936.0 |
| 007 - CAMPO FIJO DE DESCRIPCIÓN FÍSICA--INFORMACIÓN GENERAL | |
| campo de control de longitud fija | cr ||||||a|a|a |
| 008 - DATOS DE LONGITUD FIJA--INFORMACIÓN GENERAL | |
| campo de control de longitud fija | 250826s2025 mx a|||fom||| 001 0 spa d |
| 040 ## - FUENTE DE LA CATALOGACIÓN | |
| Normas de descripción | rda |
| 100 1# - ENTRADA PRINCIPAL--NOMBRE DE PERSONA | |
| Nombre de persona | Yama Aguilar, Jhoselyn Sugeydi |
| 9 (RLIN) | 190982 |
| 245 10 - MENCIÓN DE TÍTULO | |
| Título | Estructura Forestal y reservorios de carbono arbóreo en Manglares de Marismas Nacionales/ |
| Mención de responsabilidad, etc. | por Jhoselyn Sugeydi Yama Aguilar; director de tesis Eduardo Valdés Velarde; secretario Eliseo Hernández Hernández; vocal Manuel Jesús Negrete Quijano; suplente José Antonio Ávila Dorantes; suplente Joel Loera Pérez. |
| 264 #1 - PRODUCCIÓN, PUBLICACIÓN, DISTRIBUCIÓN, FABRICACIÓN Y COPYRIGHT | |
| Producción, publicación, distribución, fabricación y copyright | Chapingo, México : |
| Nombre del de productor, editor, distribuidor, fabricante | El autor, |
| Fecha de producción, publicación, distribución, fabricación o copyright | 2025. |
| 300 ## - DESCRIPCIÓN FÍSICA | |
| Extensión | 1 recurso en línea (105 páginas): |
| Otras características físicas | cuadros, figuras. |
| 336 ## - TIPO DE CONTENIDO | |
| Fuente | rdacontent |
| Término de tipo de contenido | texto |
| Código de tipo de contenido | txt |
| 337 ## - TIPO DE MEDIO | |
| Fuente | rdamedia |
| Nombre/término del tipo de medio | computadora |
| Código del tipo de medio | c |
| 338 ## - TIPO DE SOPORTE | |
| Fuente | rdacarrier |
| Nombre/término del tipo de soporte | recurso en línea |
| Código del tipo de soporte | cr |
| 502 ## - NOTA DE TESIS | |
| Tipo de título | Ingeniería en Desarrollo Agroforestal |
| Nombre de la institución que otorga el título | Dirección de Centros Regionales Universitarios |
| Año de obtención del título | 2025. |
| Información miscelánea | Licenciatura |
| 504 ## - NOTA DE BIBLIOGRAFÍA, ETC. | |
| Nota de bibliografía, etc. | Incluye referencias bibliográficas:83-98 páginas . |
| 520 ## - SUMARIO, ETC. | |
| Sumario, etc. | Los manglares son fuentes de servicios ecosistémicos como la captura y almacenamiento de carbono, importantes para contrarrestar los efectos del cambio climático. El objetivo fue caracterizar la estructura forestal mediante la estimación de la biomasa aérea para la obtención de los reservorios de carbono aéreo en manglares de Marismas Nacionales. Se evaluaron atributos dasométricos en ocho unidades de muestreo para la determinación de biomasa, captura de carbono aéreo e índices ecológicos en cinco municipios en Nayarit que engloban el complejo de Marismas Nacionales. Los resultados reflejaron que, la estructura forestal de los mangles se encuentra en un estado juvenil con un valor promedio de 63.01 𝑀𝑔 ℎ𝑎−1 de biomasa dado por su dinámica de comunidad vegetal representada por L. racemosa como la especie más representativa. Originado un almacenamiento de carbono arbóreo alto, con valores promedios de 53.77 𝑀𝑔 ℎ𝑎−1. |
| 650 #4 - PUNTO DE ACCESO ADICIONAL DE MATERIA--TÉRMINO DE MATERIA | |
| Término de materia o nombre geográfico como elemento de entrada | Manglares |
| Subdivisión general | Dasometría |
| 9 (RLIN) | 191241 |
| 650 #4 - PUNTO DE ACCESO ADICIONAL DE MATERIA--TÉRMINO DE MATERIA | |
| Término de materia o nombre geográfico como elemento de entrada | Manglares |
| Subdivisión general | Secuestro de carbono |
| 9 (RLIN) | 191240 |
| 650 #4 - PUNTO DE ACCESO ADICIONAL DE MATERIA--TÉRMINO DE MATERIA | |
| Término de materia o nombre geográfico como elemento de entrada | Dioxido de carbono |
| Subdivisión general | Medición |
| 9 (RLIN) | 190762 |
| 700 1# - PUNTO DE ACCESO ADICIONAL--NOMBRE DE PERSONA | |
| Nombre de persona | Valdés Velarde, Eduardo |
| 9 (RLIN) | 117370 |
| Término indicativo de función/relación | director. |
| 700 1# - PUNTO DE ACCESO ADICIONAL--NOMBRE DE PERSONA | |
| Nombre de persona | Hernández Hernández, Eliseo |
| 9 (RLIN) | 135460 |
| Término indicativo de función/relación | secretario. |
| 700 1# - PUNTO DE ACCESO ADICIONAL--NOMBRE DE PERSONA | |
| Nombre de persona | Negrete Quijano, Manuel Jesús |
| 9 (RLIN) | 191129 |
| Término indicativo de función/relación | vocal. |
| 700 1# - PUNTO DE ACCESO ADICIONAL--NOMBRE DE PERSONA | |
| Nombre de persona | Ávila Dorantes, José Antonio |
| 9 (RLIN) | 82460 |
| Término indicativo de función/relación | suplente. |
| 700 1# - PUNTO DE ACCESO ADICIONAL--NOMBRE DE PERSONA | |
| Nombre de persona | Loera Pérez, Joel |
| 9 (RLIN) | 191128 |
| Término indicativo de función/relación | suplente. |
| 856 ## - LOCALIZACIÓN Y ACCESO ELECTRÓNICOS | |
| Identificador Uniforme del Recurso | http://10.13.5.2/tesis/tl/1912613-6_YAMA_AGUILAR_JHOSELYNSUGEYDI.pdf |
| Nota pública | DESCARGAR PDF |
| 942 ## - ELEMENTOS DE PUNTO DE ACCESO ADICIONAL (KOHA) | |
| Fuente del sistema de clasificación o colocación | Clasificación Universidad Autónoma Chapingo |
| Tipo de ítem Koha | Tesis digital |
| Estado de retiro | Estado de pérdida | Fuente del sistema de clasificación o colocación | Estado dañado | Restricciones de uso | No para préstamo | Código de colección | Localización permanente | Ubicación/localización actual | Ubicación en estantería | Fecha de adquisición | Total de préstamos | Signatura topográfica completa | Fecha visto por última vez | Precio válido a partir de | Tipo de ítem Koha |
|---|---|---|---|---|---|---|---|---|---|---|---|---|---|---|---|
| Clasificación Universidad Autónoma de Chapingo | Préstamo interno | Tesis digitales de Licenciatura | Biblioteca Digital | Biblioteca Digital | En línea | 26/08/2025 | Tesis digital | 26/08/2025 | 26/08/2025 | Tesis digital |
